[Event "GER-chB Seniors 26th"]
[Site "Bad Neuenahr"]
[Date "2014.08.07"]
[Round "3"]
[White "Greiner, Wolfgang"]
[Black "Juenger, Leonhard"]
[Result "1-0"]
[WhiteElo "1811"]
[BlackElo "1821"]
[PlyCount "67"]
[EventDate "2014.08.05"]
[EventType "swiss"]
[EventRounds "9"]
[EventCountry "GER"]
[SourceTitle "EXT 2018"]
[Source "ChessBase"]
[SourceDate "2017.10.13"]
[SourceVersion "1"]
[SourceVersionDate "2017.10.13"]
[SourceQuality "1"]

1. e4 c5 2. Nf3 Nc6 3. d4 cxd4 4. Nxd4 g6 5. Nc3 Bg7 6. Nb3 Nf6 7. Be2 0-0 8. g4 d6 9. g5 Nd7 10. h4 Nc5 11. h5 Nxb3 12. axb3 Nd4 13. hxg6 hxg6 14. Be3 Nxe2 15. Qxe2 Be6 16. f4 f6 17. f5 gxf5 18. g6 f4 19. Qh5 Re8 20. Qh7+ Kf8 21. Bxf4 Bg8 22. Qh5 e5 23. Bh6 Qd7 24. 0-0-0 Rad8 25. Rdf1 Qe7 26. Rf3 Rd7 27. Rhf1 Red8 28. Rxf6+ Ke8 29. Bg5 Bxf6 30. g7+ Qf7 31. Rxf6 Rc8 32. Rxf7 Rxf7 33. Nd5 Kd7 34. Qg4+ 1-0

[Event "Bayern-ch Seniors 22nd"]
[Site "Bergen"]
[Date "2010.06.20"]
[Round "9"]
[White "Aufmwasser, Guenter"]
[Black "Greiner, Wolfgang"]
[Result "1-0"]
[WhiteElo "1596"]
[BlackElo "1646"]
[PlyCount "73"]
[EventDate "2010.06.12"]
[EventType "swiss"]
[EventRounds "9"]
[EventCountry "GER"]
[SourceTitle "EXT 2011"]
[Source "ChessBase"]
[SourceDate "2010.11.26"]
[SourceVersion "1"]
[SourceVersionDate "2010.11.26"]
[SourceQuality "1"]

1. f4 e5 2. fxe5 d6 3. Nf3 g5 4. d4 g4 5. Ng5 h6 6. Ne4 dxe5 7. e3 f5 8. Nf2 e4 9. Nc3 Nf6 10. g3 a6 11. Bd2 Bd6 12. Ne2 Nc6 13. c3 Nh7 14. Nf4 Ng5 15. Bg2 h5 16. Qe2 Nf3+ 17. Bxf3 exf3 18. Qc4 Bxf4 19. exf4 Qe7+ 20. Kd1 Qf7 21. Qxf7+ Kxf7 22. Be3 Bd7 23. Kd2 Ne7 24. Nd3 Ng6 25. Ne5+ Nxe5 26. dxe5 Bc6 27. Rhd1 Bb5 28. Ke1 Ke6 29. Rd4 Be2 30. Rc1 Rad8 31. Rc2 Rxd4 32. Bxd4 h4 33. Bf2 hxg3 34. Bxg3 Kd5 35. Rd2+ Ke4 36. Rd4+ Ke3 37. Bf2# 1-0

[Event "Bayern-ch Seniors 22nd"]
[Site "Bergen"]
[Date "2010.06.19"]
[Round "8"]
[White "Greiner, Wolfgang"]
[Black "Ludwig, Ines"]
[Result "1-0"]
[WhiteElo "1646"]
[BlackElo "1495"]
[PlyCount "59"]
[EventDate "2010.06.12"]
[EventType "swiss"]
[EventRounds "9"]
[EventCountry "GER"]
[SourceTitle "EXT 2011"]
[Source "ChessBase"]
[SourceDate "2010.11.26"]
[SourceVersion "1"]
[SourceVersionDate "2010.11.26"]
[SourceQuality "1"]

1. e4 c5 2. Nf3 d6 3. d4 cxd4 4. Nxd4 a6 5. Nc3 e5 6. Nb3 Nf6 7. Be2 Be6 8. 0-0 Nc6 9. Be3 Be7 10. Nd5 Bxd5 11. exd5 Nb8 12. f4 exf4 13. Rxf4 Nbd7 14. c4 0-0 15. Qc2 Ne5 16. Raf1 Ng6 17. R4f2 Qd7 18. Nd4 Ng4 19. Bxg4 Qxg4 20. Nf5 Rfe8 21. h3 Qh5 22. Nxg7 Kxg7 23. Rxf7+ Kg8 24. Bd4 Ne5 25. R7f5 Qg6 26. g4 Rf8 27. Kh2 h6 28. Bxe5 Rxf5 29. gxf5 Kf8 30. fxg6+ 1-0

[Event "Bayern-ch Seniors 22nd"]
[Site "Bergen"]
[Date "2010.06.17"]
[Round "6"]
[White "Greiner, Wolfgang"]
[Black "Hein, Manfred"]
[Result "0-1"]
[WhiteElo "1646"]
[BlackElo "1909"]
[PlyCount "32"]
[EventDate "2010.06.12"]
[EventType "swiss"]
[EventRounds "9"]
[EventCountry "GER"]
[SourceTitle "EXT 2011"]
[Source "ChessBase"]
[SourceDate "2010.11.26"]
[SourceVersion "1"]
[SourceVersionDate "2010.11.26"]
[SourceQuality "1"]

1. e4 d5 2. d4 dxe4 3. f3 exf3 4. Nxf3 Bg4 5. Bc4 Nf6 6. 0-0 e6 7. Nc3 c6 8. Qd3 Bxf3 9. Rxf3 Nbd7 10. Bg5 Be7 11. Raf1 Qb6 12. Na4 Qa5 13. Bb3 Qxg5 14. Rg3 Qh6 15. Rh3 Qg6 16. Rg3 Qxd3 0-1

[Event "Bayern-ch Seniors 22nd"]
[Site "Bergen"]
[Date "2010.06.15"]
[Round "4"]
[White "Greiner, Wolfgang"]
[Black "Rosmann, Armin"]
[Result "1-0"]
[WhiteElo "1646"]
[BlackElo "1555"]
[PlyCount "63"]
[EventDate "2010.06.12"]
[EventType "swiss"]
[EventRounds "9"]
[EventCountry "GER"]
[SourceTitle "EXT 2011"]
[Source "ChessBase"]
[SourceDate "2010.11.26"]
[SourceVersion "1"]
[SourceVersionDate "2010.11.26"]
[SourceQuality "1"]

1. e4 e5 2. Nf3 d6 3. Nc3 Nc6 4. Be2 Nf6 5. d4 exd4 6. Nxd4 Ne5 7. f4 Bg4 8. fxe5 Bxe2 9. Qxe2 dxe5 10. Qb5+ Nd7 11. Nf3 Bc5 12. Bd2 0-0 13. 0-0-0 Qc8 14. Nxe5 c6 15. Nxc6 bxc6 16. Qc4 Qb7 17. Bf4 Be7 18. Bd6 Bg5+ 19. Kb1 Nb6 20. Qc5 Bf6 21. e5 Nd7 22. Qa3 Bxe5 23. Bxf8 Bxc3 24. Qxc3 Kxf8 25. Qa3+ Kg8 26. Qe7 Rb8 27. b3 Nf8 28. Qxb7 Rxb7 29. Rd8 Re7 30. Rhd1 f6 31. Rc8 c5 32. Rdd8 1-0

[Event "Bayern-ch Seniors 22nd"]
[Site "Bergen"]
[Date "2010.06.14"]
[Round "3"]
[White "Gerhards, Walter"]
[Black "Greiner, Wolfgang"]
[Result "1-0"]
[WhiteElo "1934"]
[BlackElo "1646"]
[PlyCount "39"]
[EventDate "2010.06.12"]
[EventType "swiss"]
[EventRounds "9"]
[EventCountry "GER"]
[SourceTitle "EXT 2011"]
[Source "ChessBase"]
[SourceDate "2010.11.26"]
[SourceVersion "1"]
[SourceVersionDate "2010.11.26"]
[SourceQuality "1"]

1. e4 e5 2. Nf3 Nc6 3. Bb5 a6 4. Ba4 b5 5. Bb3 Nf6 6. d3 Be7 7. c3 0-0 8. Nbd2 d5 9. 0-0 dxe4 10. dxe4 Bd6 11. Re1 Na5 12. Bc2 c5 13. Nf1 c4 14. Bg5 Bg4 15. Ne3 Bh5 16. Nf5 Bc5 17. Qxd8 Raxd8 18. Nxe5 Bxf2+ 19. Kxf2 Rd2+ 20. Bxd2 1-0

[Event "Bayern-ch Seniors 22nd"]
[Site "Bergen"]
[Date "2010.06.13"]
[Round "2"]
[White "Greiner, Wolfgang"]
[Black "Hartlaub, Marianne"]
[Result "1-0"]
[WhiteElo "1646"]
[BlackElo "1417"]
[PlyCount "97"]
[EventDate "2010.06.12"]
[EventType "swiss"]
[EventRounds "9"]
[EventCountry "GER"]
[SourceTitle "EXT 2011"]
[Source "ChessBase"]
[SourceDate "2010.11.26"]
[SourceVersion "1"]
[SourceVersionDate "2010.11.26"]
[SourceQuality "1"]

1. e4 d6 2. d4 Nf6 3. Nc3 c6 4. f4 Qa5 5. e5 dxe5 6. fxe5 Ne4 7. Qf3 Nxc3 8. bxc3 Be6 9. Bd2 Qc7 10. Bd3 g6 11. Ne2 Bd5 12. Qf2 Bg7 13. c4 Be6 14. 0-0 0-0 15. Qh4 f5 16. c3 Nd7 17. Nf4 Bf7 18. e6 Bf6 19. exf7+ Rxf7 20. Qf2 Qd6 21. c5 Qb8 22. Bc4 e5 23. Bxf7+ Kxf7 24. Nh3 e4 25. Ng5+ Kg8 26. Qf4 Qe8 27. Rae1 Nf8 28. Nxe4 Qf7 29. Qd6 Bg7 30. Ng5 Qxa2 31. Bf4 h6 32. Ne6 Nxe6 33. Qxe6+ Qxe6 34. Rxe6 Kf7 35. Rfe1 Bf6 36. Rd6 g5 37. Rd7+ Kg6 38. Be5 b6 39. Bxf6 Kxf6 40. Rd6+ Kf7 41. Rxc6 bxc5 42. d5 a5 43. Rc7+ Kg6 44. Re6+ Kh5 45. Rh7 a4 46. h3 g4 47. Rhxh6+ Kg5 48. g3 gxh3 49. Reg6# 1-0

[Event "Chiemgau Seniors Cup 3th"]
[Site "Bergen"]
[Date "2007.10.29"]
[Round "8"]
[White "Greiner, Wolfgang"]
[Black "Conitz, Helmut"]
[Result "1-0"]
[WhiteElo "1634"]
[BlackElo "1390"]
[PlyCount "95"]
[EventDate "2007.10.22"]
[EventType "swiss"]
[EventRounds "9"]
[EventCountry "GER"]
[SourceTitle "EXT 2008"]
[Source "ChessBase"]
[SourceDate "2007.11.25"]
[SourceVersion "1"]
[SourceVersionDate "2007.11.25"]
[SourceQuality "1"]

1. e4 e5 2. Nf3 d6 3. Bc4 Bg4 4. h3 Bxf3 5. Qxf3 Nf6 6. Qb3 Qc8 7. Bxf7+ Kd8 8. Nc3 c6 9. d3 Be7 10. f4 Nbd7 11. f5 Qc7 12. Be3 b6 13. 0-0 Rf8 14. Be6 Rb8 15. a4 a5 16. Rfd1 Kc8 17. d4 Kb7 18. d5 Rfc8 19. dxc6+ Qxc6 20. Nd5 Bd8 21. Nxf6 Nxf6 22. Bxc8+ Rxc8 23. Qd3 Nxe4 24. c3 Kc7 25. Qd5 Qxd5 26. Rxd5 Ng3 27. Bf2 Nxf5 28. Rad1 Be7 29. g4 Nh6 30. Rb5 Rb8 31. Rf1 Bf6 32. Be3 Nf7 33. Rf5 Kc6 34. g5 d5 35. gxf6 Nd6 36. Rxb6+ Rxb6 37. Bxb6 gxf6 38. Rxf6 e4 39. Rxd6+ Kxd6 40. Bxa5 Kc5 41. b4+ Kc6 42. b5+ Kb7 43. Kf2 Kc8 44. c4 dxc4 45. Ke3 Kb8 46. Kxe4 Kc8 47. Bc3 Kc7 48. Kf5 1-0

[Event "Chiemgau Seniors Cup 3th"]
[Site "Bergen"]
[Date "2007.10.24"]
[Round "3"]
[White "Greiner, Wolfgang"]
[Black "Rogowski, Walter"]
[Result "1-0"]
[WhiteElo "1634"]
[BlackElo "1525"]
[PlyCount "47"]
[EventDate "2007.10.22"]
[EventType "swiss"]
[EventRounds "9"]
[EventCountry "GER"]
[SourceTitle "EXT 2008"]
[Source "ChessBase"]
[SourceDate "2007.11.25"]
[SourceVersion "1"]
[SourceVersionDate "2007.11.25"]
[SourceQuality "1"]

1. e4 e6 2. d4 b6 3. Nc3 Bb7 4. Nf3 Bb4 5. Bd3 Qe7 6. a3 Bxc3+ 7. bxc3 c5 8. Bg5 f6 9. Be3 c4 10. Bxc4 Bxe4 11. 0-0 Nc6 12. Re1 d5 13. Bb5 Qc7 14. Nd2 Bg6 15. Bf4 Qd7 16. Qe2 Bf7 17. c4 a6 18. cxd5 Qxd5 19. c4 Qd7 20. Bxc6 Qxc6 21. d5 Qc8 22. Ne4 Kd7 23. Nd6 Qf8 24. dxe6+ 1-0

[Event "Baden-ch Seniors"]
[Site "Oberwinden"]
[Date "2007.04.10"]
[Round "5"]
[White "Greiner, Wolfgang"]
[Black "Schneider, Klaus"]
[Result "1-0"]
[WhiteElo "1792"]
[BlackElo "1688"]
[PlyCount "56"]
[EventDate "2007.04.06"]
[EventType "swiss"]
[EventRounds "9"]
[EventCountry "GER"]
[SourceTitle "CBM 117 Extra"]
[Source "ChessBase"]
[SourceDate "2007.05.09"]
[SourceVersion "1"]
[SourceVersionDate "2007.05.09"]
[SourceQuality "1"]

1. e4 c6 2. d4 d5 3. Nc3 dxe4 4. Nxe4 Bf5 5. Ng3 Bg6 6. h4 h6 7. h5 Bh7 8. Nf3 Nd7 9. Bd3 Bxd3 10. Qxd3 Ngf6 11. Be3 e6 12. 0-0 Bd6 13. Rae1 Bxg3 14. fxg3 Nxh5 15. g4 Nhf6 16. g5 hxg5 17. Bxg5 Qc7 18. Ne5 0-0-0 19. Qf3 Rhf8 20. Bf4 Qb6 21. Be3 Qxb2 22. Nxc6 Rde8 23. Rb1 Qxa2 24. Rxb7 Nd5 25. Rxa7 Qc4 26. Na5 Qc3 27. Bf2 Qxf3 28. gxf3 Kb8 1-0

[Event "Baden-ch Seniors"]
[Site "Oberwinden"]
[Date "2007.04.09"]
[Round "4"]
[White "Grams, Arthur"]
[Black "Greiner, Wolfgang"]
[Result "1-0"]
[WhiteElo "1974"]
[BlackElo "1792"]
[PlyCount "63"]
[EventDate "2007.04.06"]
[EventType "swiss"]
[EventRounds "9"]
[EventCountry "GER"]
[SourceTitle "CBM 117 Extra"]
[Source "ChessBase"]
[SourceDate "2007.05.09"]
[SourceVersion "1"]
[SourceVersionDate "2007.05.09"]
[SourceQuality "1"]

1. Nf3 Nc6 2. c4 e5 3. Nc3 Nf6 4. d3 Be7 5. e4 d6 6. Be2 0-0 7. Be3 Ng4 8. Bd2 f5 9. Nd5 fxe4 10. dxe4 Nd4 11. h3 Nf6 12. Nxe7+ Qxe7 13. Nxd4 exd4 14. Bf3 Nxe4 15. 0-0 Nxd2 16. Qxd2 Qf6 17. Bd5+ Kh8 18. f3 Rb8 19. Rad1 c5 20. Rde1 Qh4 21. Re4 Qg3 22. Kh1 Bf5 23. Re7 Rf6 24. f4 Rbf8 25. Rf3 Qh4 26. Qe2 Bg4 27. Qf2 Qh6 28. Rg3 Rxf4 29. Qc2 Rf2 30. Qxf2 g6 31. Rf7 Re8 32. Qf6+ 1-0

[Event "Bad Wildungen Seniors op 3rd"]
[Site "Bad Wildungen"]
[Date "2006.08.07"]
[Round "8"]
[White "Greiner, Wolfgang"]
[Black "Oser, Thor"]
[Result "1-0"]
[WhiteElo "1571"]
[BlackElo "1637"]
[PlyCount "35"]
[EventDate "2006.07.31"]
[EventType "swiss"]
[EventRounds "9"]
[EventCountry "GER"]
[SourceTitle "EXT 2007"]
[Source "ChessBase"]
[SourceDate "2006.11.23"]
[SourceVersion "1"]
[SourceVersionDate "2006.11.23"]
[SourceQuality "1"]

1. e4 c5 2. Nf3 d6 3. d4 cxd4 4. Nxd4 a6 5. Nc3 g6 6. Be3 Bg7 7. Be2 Nf6 8. a3 0-0 9. g4 e5 10. Nb3 b5 11. g5 Ne8 12. h4 Bb7 13. h5 Nc7 14. hxg6 fxg6 15. Na5 Bc8 16. Bb6 Be6 17. Nd5 Rf7 18. Nb7 1-0

[Event "Bad Wildungen Seniors op 3rd"]
[Site "Bad Wildungen"]
[Date "2006.08.01"]
[Round "2"]
[White "Greiner, Wolfgang"]
[Black "Giering, Helmut"]
[Result "0-1"]
[WhiteElo "1571"]
[BlackElo "1738"]
[PlyCount "20"]
[EventDate "2006.07.31"]
[EventType "swiss"]
[EventRounds "9"]
[EventCountry "GER"]
[SourceTitle "EXT 2007"]
[Source "ChessBase"]
[SourceDate "2006.11.23"]
[SourceVersion "1"]
[SourceVersionDate "2006.11.23"]
[SourceQuality "1"]

1. e4 d5 2. d4 dxe4 3. f3 e5 4. dxe5 Qxd1+ 5. Kxd1 Nc6 6. f4 Bg4+ 7. Ke1 0-0-0 8. Nd2 Nd4 9. Rb1 Nxc2+ 10. Kf2 e3+ 0-1

[Event "Cuxhaven Seniors op 1st"]
[Site "Cuxhaven"]
[Date "2006.03.16"]
[Round "1"]
[White "Boeven, Manfred"]
[Black "Greiner, Wolfgang"]
[Result "1-0"]
[WhiteElo "2017"]
[BlackElo "1613"]
[PlyCount "47"]
[EventDate "2006.03.16"]
[EventType "swiss"]
[EventRounds "9"]
[EventCountry "GER"]
[SourceTitle "EXT 2007"]
[Source "ChessBase"]
[SourceDate "2006.11.23"]
[SourceVersion "1"]
[SourceVersionDate "2006.11.23"]
[SourceQuality "1"]

1. d4 Nf6 2. Nc3 g6 3. e4 d6 4. f4 Bg7 5. Nf3 0-0 6. Be3 Ng4 7. Bg1 f5 8. e5 dxe5 9. dxe5 Bd7 10. Bc4+ Kh8 11. Ng5 Qe8 12. Qe2 b6 13. 0-0-0 e6 14. h3 Nh6 15. Bf2 Nf7 16. Rxd7 Nxg5 17. Rxg7 Kxg7 18. fxg5 a6 19. h4 b5 20. Bb3 Nd7 21. Nb1 c5 22. c4 b4 23. Ba4 Rc8 24. Rd1 1-0